Statistics for 西安市所有区县名称 All Names of Xi'an Districts&Counties

Click here to take the quiz!

General Stats

  • This quiz has been taken 20 times
  • The average score is 7 of 13

Answers on the Map

Answers color-coded by a green-red scale on the quiz's map according to % correct below.
 

Answer Stats

Answer% Correct
碑林区
67%
灞桥区
61%
长安区
61%
未央区
56%
蓝田县
56%
周至县
56%
新城区
50%
莲湖区
50%
雁塔区
50%
阎良区
50%
临潼区
44%
鄠邑区
44%
高陵区
39%

Score Distribution

Percentile by Number Answered

Percent of People with Each Score

Your Score History

You have not taken this quiz